000 00577cam a22001814a 4500
005 20250605164300.0
008 250528s ||||||||||||||||||||||||d
035 _a22044
040 _aGR-AtMCL
_bgre
_dGR-AtMCL
_eAACR2
245 1 _aΟΤΑΝ Η ΣΧΕΣΗ ΑΠΕΙΛΕΙΤΑΙ ΑΠΟ ΤΟ ΚΑΚΟ ΣΕΞ ΚΑΙ ΤΗΝ ΑΠΙΣΤΙΑ
250 _a1
260 _bΙνστιτουτο Ψυχικης Και Σεξουαλικης Υγειας,
_c2014
300 _a220
700 1 _aΑσκητης Θανος
_97922
942 _cBK
999 _c7100
_d7100